Land Form Quiz # 4 - Statistiken

Allgemein
  • Dieses Quiz wurde 13.250 mal gespielt
  • Das Durchschnittsergebnis liegt bei 10 aus 16
Antwortstatistiken
Bildquiz Antwort % Korrekt
Dänemark
81%
Sri Lanka
78%
Senegal
76%
Laos
73%
Nepal
73%
Benin
71%
Kasachstan
65%
Malaysia
62%
Sudan
62%
Mosambik
56%
Venezuela
56%
Taiwan
55%
Nordkorea
43%
Nicaragua
42%
Trinidad und Tobago
41%
Costa Rica
37%
Keine übereinstimmenden Quizze gefunden
Verteilung der Resultate
Anzahl Personen mit jedem Resultat
Perzentil nach korrekt beantworteten Fragen
Ihre Resultats-Entwicklung
Sie haben dieses Quiz noch nicht gespielt